Las flautas tienen agujeros : (Registro nro. 6105)

000 -CABECERA
campo de control de longitud fija 00817nam a2200241 u 4500
001 - NÚMERO DE CONTROL
campo de control 000056808
005 - FECHA Y HORA DE LA ÚLTIMA TRANSACCIÓN
campo de control 20200120223328.0
008 - DATOS DE LONGITUD FIJA--INFORMACIÓN GENERAL
campo de control de longitud fija 130621s2005 sp a br 000 0 spa d
020 ## - NÚMERO INTERNACIONAL ESTÁNDAR DEL LIBRO
Número Internacional Estándar del Libro 8424121775
041 0# - CÓDIGO DE LENGUA
Código de lengua del texto/banda sonora o título independiente //spa
082 04 - NÚMERO DE LA CLASIFICACIÓN DECIMAL DEWEY
Número de clasificación 788.3
Número de documento/Ítem P14
Número de edición 21
100 1# - ENTRADA PRINCIPAL--NOMBRE DE PERSONA
Nombre de persona Paker, Josephine
245 10 - MENCIÓN DE TÍTULO
Título Las flautas tienen agujeros :
Resto del título y otras preguntas sobre música /
Mención de responsabilidad, etc. Josephine Paker ; traducción Marisa Rodríguez Pérez y Ruth Villa Pérez.
250 ## - MENCIÓN DE EDICIÓN
Mención de edición 4a. ed.
260 ## - PUBLICACIÓN, DISTRIBUCIÓN, ETC.
Lugar de publicación, distribución, etc. León (España) :
Nombre del editor, distribuidor, etc. Everest,
Fecha de publicación, distribución, etc. 2005.
300 ## - DESCRIPCIÓN FÍSICA
Extensión 32 p.
534 ## - NOTA SOBRE LA VERSIÓN ORIGINAL
Mención de título del original I wonder ehy flutes have holes and other questions about music
Frase introductoria Título original :
650 17 - PUNTO DE ACCESO ADICIONAL DE MATERIA--TÉRMINO DE MATERIA
Término de materia o nombre geográfico como elemento de entrada Instrumentos de viento
Fuente del encabezamiento o término LEMB
650 27 - PUNTO DE ACCESO ADICIONAL DE MATERIA--TÉRMINO DE MATERIA
Término de materia o nombre geográfico como elemento de entrada Música
Fuente del encabezamiento o término LEMB
650 27 - PUNTO DE ACCESO ADICIONAL DE MATERIA--TÉRMINO DE MATERIA
Término de materia o nombre geográfico como elemento de entrada Flauta
Fuente del encabezamiento o término LEMB
700 1# - PUNTO DE ACCESO ADICIONAL--NOMBRE DE PERSONA
Nombre de persona Rodríguez Pérez, Marisa,
Término indicativo de función/relación tr.
700 1# - PUNTO DE ACCESO ADICIONAL--NOMBRE DE PERSONA
Nombre de persona Villa Pérez, Ruth,
Término indicativo de función/relación tr.
Existencias
Estado de retiro Estado de pérdida Fuente del sistema de clasificación o colocación Estado dañado No para préstamo Código de colección Localización permanente Ubicación/localización actual Fecha de adquisición Número de inventario Total de préstamos Signatura topográfica completa Código de barras Fecha visto por última vez Número de copia Precio válido a partir de Tipo de ítem Koha Nota pública Fecha del último préstamo
          Colección General Biblioteca Pública San Juan Bosco Biblioteca Pública San Juan Bosco 20/01/2020 112635   788.3 P14 MOS007441 20/01/2020 ej.1 20/01/2020 Libro Ocho días  
          Colección General Biblioteca Pública San Juan Bosco Biblioteca Pública San Juan Bosco 20/01/2020 113306 2 788.3 P14 MOS007442 15/04/2026 ej.2 20/01/2020 Libro Ocho días 26/03/2026
          Colección General Biblioteca Pública San Juan Bosco Biblioteca Pública San Juan Bosco 20/01/2020 NT   788.3 P14 MOS007443 20/01/2020 ej.3 20/01/2020 Libro Ocho días  

© Todos los derechos reservados para la Biblioteca Pública Municipal San Juan Bosco, 2020
Secretaria de Cultura de Mosquera
Carrera 3 N° 10 Esquina Centro Cultural Barrio El Carmén Teléfono: 8270830 Ext: 34
Funcionando con KOHA
Contacto: Biblioteca Pública Municipal San Juan Bosco/ bibliotecasanjuanbosco@mosquera-cundinamarca.gov.co
Mosquera, Cundinamarca